Normal view
MARC view
Entry Topical Term
001 - CONTROL NUMBER
- control field: 19563
003 - CONTROL NUMBER IDENTIFIER
- control field: OSt
005 - DATE AND TIME OF LATEST TRANSACTION
- control field: 20201130153247.0
008 - FIXED-LENGTH DATA ELEMENTS
- fixed length control field: 201130|| aca||aabn | a|a d
040 ## - CATALOGING SOURCE
- Original cataloging agency: OSt
- Transcribing agency: OSt
150 ## - HEADING--TOPICAL TERM
- Topical term or geographic name entry element: Chutiyas, Dimasas, Kacharis, Demonic lineage, Legitimation
670 ## - SOURCE DATA FOUND
- Source citation: Work cat.: (OSt): Shin, Jae-Eun. 19562, Descending from demons, ascending to kshatriyas: Genealogical claims and political process in pre-modern Northeast India, The Chutiyas and the Dimasas
